000 00918nam a22002657a 4500
001 7949
003 FISKH
005 20250814144113.0
008 250814b cb ||||| |||| 00| 0 eng d
020 _a9781570829703
040 _aFISKH
_beng
_cFISKH
_dFISKH
050 _aPZ7.W33 W566
082 _a813.54 –
100 _aWorks, Mouse
245 _aRoo's big adventure :
_bWalt Disney's Winnie the Pooh and his friends /
260 _aNew York :
_bRandom House,
_c1994.
300 _a10 unnumbered pages :
_bcolor illustrations ;
_c20 cm
505 _aG
520 _aWhen Tigger and Roo play hide-and-seek, this time Tigger is unable to find his friend until Christopher Robin comes along and finds Roo in a hollow log fast asleep.
521 8 _a380
_bLexile estimate
521 8 _aG
_bRaz-Plus
650 _aWinnie the Pooh
_vChildren's Book
_xBoard Book
942 _2ddc
_cBK
_n0
999 _c7949
_d7949